Methoden der Beteiligung
| Main Author: | |
|---|---|
| Format: | Print Article |
| Language: | German |
| Check availability: | HBZ Gateway |
| Interlibrary Loan: | Interlibrary Loan for the Fachinformationsdienste (Specialized Information Services in Germany) |
| Published: |
2016
|
| In: |
Praxis Partizipation
Year: 2016, Pages: 163-170 |
| IxTheo Classification: | SB Catholic Church law |
| Further subjects: | B
Participation
B Method |
MARC
| LEADER | 00000caa a22000002c 4500 | ||
|---|---|---|---|
| 001 | 1763605671 | ||
| 003 | DE-627 | ||
| 005 | 20250814163857.0 | ||
| 007 | tu | ||
| 008 | 210719s2016 xx ||||| 00| ||ger c | ||
| 020 | |a 9783429039776 | ||
| 035 | |a (DE-627)1763605671 | ||
| 035 | |a (DE-599)KXP1763605671 | ||
| 040 | |a DE-627 |b ger |c DE-627 |e rakwb | ||
| 041 | |a ger | ||
| 084 | |a 1 |2 ssgn | ||
| 100 | 1 | |a Schöler, Martin |e VerfasserIn |4 aut | |
| 245 | 1 | 0 | |a Methoden der Beteiligung |
| 264 | 1 | |c 2016 | |
| 336 | |a Text |b txt |2 rdacontent | ||
| 337 | |a ohne Hilfsmittel zu benutzen |b n |2 rdamedia | ||
| 338 | |a Band |b nc |2 rdacarrier | ||
| 650 | 0 | 7 | |0 (DE-588)4044789-3 |0 (DE-627)106204270 |0 (DE-576)209062339 |a Partizipation |2 gnd |
| 650 | 0 | 7 | |0 (DE-588)4038971-6 |0 (DE-627)106230158 |0 (DE-576)209032642 |a Methode |2 gnd |
| 652 | |a SB | ||
| 773 | 0 | 8 | |i Enthalten in |t Praxis Partizipation |b 1. Auflage |d Würzburg : [Verlag nicht ermittelbar], 2016 |g (2016), Seite 163-170 |h 240 Seiten |w (DE-627)858669315 |w (DE-576)473069954 |z 3429039770 |z 9783429039776 |7 nnam |
| 773 | 1 | 8 | |g year:2016 |g pages:163-170 |
| 935 | |a DAKR | ||
| 951 | |a AR | ||
| CAN | |a 1 | ||
| ELC | |b 1 | ||
| ITA | |a 1 |t 1 | ||
| LOK | |0 000 xxxxxcx a22 zn 4500 | ||
| LOK | |0 001 3955892743 | ||
| LOK | |0 003 DE-627 | ||
| LOK | |0 004 1763605671 | ||
| LOK | |0 005 20210719144422 | ||
| LOK | |0 008 210719||||||||||||||||ger||||||| | ||
| LOK | |0 035 |a (DE-Tue135-3)DAKAR1_49108 | ||
| LOK | |0 040 |a DE-Tue135-3 |c DE-627 |d DE-Tue135-3 | ||
| LOK | |0 092 |o n | ||
| LOK | |0 852 |a DE-Tue135-3 | ||
| LOK | |0 852 1 |9 00 | ||
| LOK | |0 935 |a msmi | ||
| LOK | |0 936ln |0 1442053313 |a SB | ||
| LOK | |0 939 |a 19-07-21 |b l01 | ||
| ORI | |a SA-MARC-ixtheoa001.raw | ||
| STA | 0 | 0 | |a Method,Participation,Involvement |
| STB | 0 | 0 | |a Méthode,Participation |
| STC | 0 | 0 | |a Método,Participación |
| STD | 0 | 0 | |a Metodo,Partecipazione |
| STE | 0 | 0 | |a 参与,参加,方法,办法 |
| STF | 0 | 0 | |a 參與,參加,方法,辦法 |
| STG | 0 | 0 | |a Método,Participação |
| STH | 0 | 0 | |a Метод,Участие |
| STI | 0 | 0 | |a Μέθοδος,Συμμετοχή |
| SUB | |a CAN | ||
| SYE | 0 | 0 | |a Methodik,Verfahren,Technik,Methoden |